LGBTQ clients in therapy : clinical issues and treatment strategies

Main Author: Kort, Joe (Author)
Published: New York: WW Norton & Co, [2018]
Series:A Norton professional book
Subjects:
LEADER 01150cam a2200313 7i4500
001 0000131059
005 20250408090000.0
008 250408t20182018nyua ### #00001eng##
020 # # |a 1324000481qPaperback  
020 # # |a 9781324000488  
040 # # |a UMT   |b eng   |c UMT   |d Ohiolink   |e rda 
090 0 0 |a RC 451.4 .G39   |b K6 2018 
100 1 # |a Kort, Joe   |e author  
245 1 0 |a LGBTQ clients in therapy :   |b clinical issues and treatment strategies   |c Joe Kort. 
264 # 1 |a New York:   |b WW Norton & Co,   |c [2018] 
264 # 4 |c ♭2018 
300 # # |a xiii, 464 pages;   |c 24 cm 
336 # # |a text --   |2 rdacontent 
337 # # |a unmediated --   |2 rdamedia 
338 # # |a volume --   |2 rdacarrier 
490 1 # |a A Norton professional book  
504 # # |a Includes bibliographical references and index  
590 # # |a Pusat Pengajian Pembangunan Sosial dan Ekonomi 
650 0 0 |a Gays --   |x Mental health --   |x Treatment  
650 0 0 |a Psychotherapy  
650 0 0 |a Sexual minorities --   |x Mental health --   |x Treatment  
650 0 0 |a Lesbians --   |x Mental health --   |x Treatment  
830 # 0 |a A Norton professional book  
999 |a 1100103448  |b Book  |c Open Shelf  |e KOLEKSI TERBUKA